000
00304nam a22001337a 4500
008
170928b xxu||||| |||| 00| 0 eng d
020
_a
9780673523273
041
_a
eng
080
_2
4TH
_a
37
100
_a
47
101
_a
EDU
245
_a
UNDERSTANDING READING PROBLEMS
_c
GILLET,J.W
942
_2
udc
_c
BK
999
_c
30350
_d
30350